000 00615nam a22001937a 4500
005 20251108171907.0
008 250721s2001 xx 000 0 ara d
082 1 4 _a616.13/مصط
100 1 _aمصطفى، عبد الجليل
245 1 0 _aحماية الشرايين.....تبدأ مبكراً /
264 1 _aالقاهرة :
_bمؤسسة دار الشعب للصحافة و الطباعة و النشر،
_c2001.
300 _a108 ص
650 1 7 _aالقلب
650 1 7 _aالأمراض
650 1 7 _aالأوعية الدموية
650 1 7 _aالشرايين
942 _2ddc
_cBK
999 _c65361
_d65361